Governors of Vermont - Statistics

General Stats
  • This quiz has been taken 3 times
  • The average score is 26 of 82
Answer Stats
Hint Answer % Correct
1935-1937 Charles Manley Smith
100%
1898-1900 Edward Curtis Smith
100%
1807-1808 Israel Smith
100%
1863-1865 J. Gregory Smith
100%
1955-1959 Joseph B. Johnson
100%
1848-1850 Carlos Coolidge
67%
1850-1852 Charles K. Williams
67%
1969-1973 Deane C. Davis
67%
1912-1915 Allen M. Fletcher
33%
1874-1876 Asahel Peck
33%
1890-1892 Carroll S. Page
33%
1904-1906 Charles J. Bell
33%
1841-1843 Charles Paine
33%
1915-1917 Charles W. Gates
33%
1886-1888 Ebenezer J. Ormsbee
33%
1852-1853 Erastus Fairbanks
33%
1860-1861 Erastus Fairbanks
33%
1826-1828 Ezra Butler
33%
1906-1908 Fletcher D. Proctor
33%
1925-1927 Franklin S. Billings
33%
1961-1963 F. Ray Keyser Jr
33%
1861-1863 Frederick Holbrook
33%
1937-1941 George Aiken
33%
1908-1910 George H. Prouty
33%
1876-1878 Horace Fairbanks
33%
1917-1919 Horace F. Graham
33%
1991-2003 Howard Dean
33%
1797-1807 Isaac Tichenor
33%
1808-1809 Isaac Tichenor
33%
1921-1923 James Hartness
33%
2003-2011 Jim Douglas
33%
1910-1912 John A. Mead
33%
1867-1869 John B. Page
33%
1853-1854 John S. Robinson
33%
1870-1872 John Wolcott Stewart
33%
1809-1813 Jonas Galusha
33%
1815-1820 Jonas Galusha
33%
1896-1898 Josiah Grout
33%
1951-1955 Lee E. Emerson
33%
1892-1894 Levi K. Fuller
33%
1985-1991 Madeleine Kunin
33%
1813-1815 Martin Chittenden
33%
1945-1947 Mortimer R. Proctor
33%
1797 Paul Brigham
33%
1919-1921 Percival W. Clement
33%
2011-2017 Peter Shumlin
33%
1869-1870 Peter T. Washburn
33%
2017- Phil Scott
33%
1878-1880 Redfield Proctor
33%
1923-1925 Redfield Proctor Jr
33%
1820-1823 Richard Skinner
33%
1959-1961 Robert Stafford
33%
1856-1858 Ryland Fletcher
33%
1828-1831 Samuel C. Crafts
33%
1884-1886 Samuel E. Pingree
33%
1835-1841 Silas H. Jennison
33%
1931-1935 Stanley C. Wilson
33%
1854-1856 Stephen Royce
33%
1791-1797 Thomas Chittenden
33%
1973-1977 Thomas P. Salmon
33%
1894-1896 Urban A. Woodbury
33%
1831-1835 William A. Palmer
33%
1941-1945 William Henry Wills
33%
1844-1846 William Slade
33%
1823-1826 Cornelius P. Van Ness
0%
1947-1950 Ernest W. Gibson Jr
0%
1870 George Whitman Hendee
0%
1950-1951 Harold J. Arthur
0%
1858-1860 Hiland Hall
0%
1846-1848 Horace Eaton
0%
1927-1931 John E. Weeks
0%
1902-1904 John G. McCullough
0%
1882-1884 John L. Barstow
0%
1843-1844 John Mattocks
0%
1872-1874 Julius Converse
0%
1865-1867 Paul Dillingham
0%
1963-1969 Philip H.Hoff
0%
1977-1985 Richard A. Snelling
0%
1991 Richard A. Snelling
0%
1880-1882 Roswell Farnham
0%
1888-1890 William P. Dillingham
0%
1900-1902 William W. Stickney
0%
No matching quizzes found
Score Distribution
Percent of People with Each Score
Percentile by Number Answered
Your Score History
You have not taken this quiz